Statistics for KOTLC A-Z

Click here to take the quiz!

General Stats

  • This quiz has been taken 168 times
  • The average score is 15 of 25

Answer Stats

HintAnswer% Correct
BOne of the tripletsBex Dizznee
99%
DBiana's momDella Vacker
94%
AFitz's middle nameAvery
84%
JOne of Sophie's first friendsJensi Babblos
83%
KDex Dizznee's dadKesler Dizznee
82%
ISophie manifested this ability near the end of book 1Inflictor
80%
LThe preferred method of traveling between destinations in the lost citiesLight Leaping
80%
NThe name of book 6Nightfall
78%
GA member of the Black Swan CollectiveGranite
76%
UDeceased Neverseen memberUmber
74%
RThe Neverseen's psionipathRuy Ignis
71%
QTechnically Livvy's husbandQuinlin Sonden
70%
VShe 'lives' in Sophie's mirrorVertina
67%
ZA charger on the CouncilCouncillor Zarina
64%
WThe elvin equivalent of a graveyardWanderling Woods
63%
TSophie's troll bodyguard who is temporarily on leaveTarina
59%
EOne of the unmapped starsElementine
58%
MLevel three mascot of FoxfireMastodon
56%
CAnother name for 'Astrakinesis'Charger
41%
PThe ability Councillor Darek hasPhaser
35%
FMarella's houseFluttermont
29%
OThe tower on the cover of book 3, EverblazeOblivimyre
27%
YElwin uses this creature's urine is used to treat burns.Yetis
27%
HRex Dizznee's stuffed toyHarry the Jackalope
24%
SRo crushed this Foxfire student's footShayda Adel
20%

Score Distribution

Percentile by Number Answered

Percent of People with Each Score

Your Score History

You have not taken this quiz